00369nam a2200133Ia 4500008004100000041000800041082001700049100002600066245006500092260002800157300000800185365001600193700002600209230718s9999 xx 000 0 und d aeng a330.954bPRA aPrakash B.A. (Editor) aIndian Economy Since 1991bEconomic Reforms And Performance c2009bPearson Education a598 cRs.b450.00 aPrakash B.A. (Editor)